Los Cocodrilos de América / por el académico numerario Manuel Mir y Navarro
Descripción Física:
16 p. . il. , 30 cm
Materias:
Cocodrils -- Amèrica
MARC
| LEADER | 00000nam a2200000Ia 4500 | ||
|---|---|---|---|
| 001 | 11010 | ||
| 008 | 160829s1910 xx 000 0 cat d | ||
| 080 | |a RF-11-15 | ||
| 100 | |a Mir y Navarro, Manuel |9 38804 | ||
| 245 | |a Los Cocodrilos de América / por el académico numerario Manuel Mir y Navarro | ||
| 260 | |a Barcelona : |b (Imp. A. López Robert), |c 1910 | ||
| 300 | |a 16 p. . il. , 30 cm | ||
| 590 | |a A: Memorias de la Real Academia de Ciencias y Artes de Barcelona, 3a época, vol. 8, no. 12 (1910) ; p. 215-228 | ||
| 650 | |a Cocodrils |x Amèrica |9 38805 | ||
| 856 | 4 | |u https://media.diba.cat/diba/fitxers/arxiu/fulletons/bib_11010_1910_baixa.pdf |y Accés lliure | |
| 856 | 4 | |u https://media.diba.cat/diba/fitxers/arxiu/fulletons/bib_11010_1910_baixa.pdf |y Accés lliure | |
| 901 | |a Arxiu | ||
| 942 | |n 1 |2 udc | ||
| 952 | |0 0 |1 0 |4 0 |6 RF1115 |7 1 |9 48610 |a Arxiu |b Arxiu |d 2016-12-01 |l 0 |o RF-11-15 |p 11010 |r 2016-12-01 00:00:00 |w 2016-12-01 |y ARXIU | ||
| 999 | |c 52440 |d 52440 | ||
| 900 | |a bib_11010_1910_baixa.pdf | ||